Dictionary of civil engineering

Bibliographic Details
Main Author: Chopra, U.B
Format: Book
Published: Kuala Lumpur : Crescent News , 1993
Subjects:

MARC

LEADER 00000cam a2200000 7i4500
001 0000002801
002 000003032
005 20000330.0
020 |a T000000274 
090 0 0 |a 624.03   |b CHO 
100 0 |a Chopra, U.B 
245 1 0 |a Dictionary of civil engineering   |c U.B Chopra 
260 |a Kuala Lumpur :   |b Crescent News ,   |c 1993 
300 |a 319p. ;   |c 21cm. 
650 0 0 |a Civil engineering   |x Dictionaries 
999 |a 036404   |b BUKU   |c PINJAMAN   |e PERPUSTAKAAN KOMUNITI PETALING JAYA